Kolokol'čik dlja golosa i fortepiano /
| Main Author: | Guriljov, Aleksandr Lvovič, 1803-1858 |
|---|---|
| Other Authors: | Makarov, Ivan, 1820-1852 |
| Language: | Russian |
| Published: |
Moskva : Gosudarstvennoje muzykal'noje izdatel'stvo, 1948 |
| Physical Description: |
3 s. |
| LEADER | 00774ncm a22002172a 4500 | ||
|---|---|---|---|
| 001 | 001144369 | ||
| 003 | CZ BrMZK | ||
| 005 | 20150727171643.0 | ||
| 007 | qu | ||
| 008 | 110413s1948 ru |||||||||||||||||rus d | ||
| 040 | |a BOA001 |b cze | ||
| 072 | 7 | |a 784 |x Vokální hudba |2 Konspekt |9 9 | |
| 100 | 1 | |a Guriljov, Aleksandr Lvovič, |d 1803-1858 |7 mzk2010582531 |4 cmp | |
| 245 | 1 | 0 | |a Kolokol'čik |h [hudebnina] : |b dlja golosa i fortepiano / |c A. Gurilev ; slova I. Makarova |
| 260 | |a Moskva : |b Gosudarstvennoje muzykal'noje izdatel'stvo, |c 1948 | ||
| 300 | |a 3 s. | ||
| 700 | 1 | |a Makarov, Ivan, |d 1820-1852 |7 mzk2015880287 |4 lyr | |
| 910 | |a BOA001 |b Mus4-0266.757 | ||
| 990 | |a MU | ||
| 991 | |b 201104 | ||
| 996 | 6 | |b 2619510439 |c Mus4-0266.757 |l MZK |r Sklad / do 1 hodiny |n 0 |w 001176807 |u 000010 |a 1 |e BOA001 |j MZK50 |s P | |
English
Čeština 